State Quiz - Kansas - Statistics

General Stats
  • This quiz has been taken 25,728 times
    22,479 since last reset
  • The average score is 14 of 20
Answer Stats
Hint Answer % Correct
State on Kansas's southern border Oklahoma
92%
Movie about a girl from Kansas named Dorothy The Wizard of Oz
92%
State on Kansas's northern border Nebraska
91%
Capital city Topeka
89%
Most of Kansas lies within this flat region of North America Great {Plains}
87%
Book by Laura Ingalls Wilder about growing up in Kansas in frontier times Little House on the {Prairie}
83%
According to cliché, Kansas is flatter than this food item a Pancake
81%
Like many states, Kansas is named for a ... River
73%
Most populous city Wichita
71%
In Cawker City, you'll find the world's largest ball of ... Twine
70%
Frontier town where cattle drives used to end: "get the heck out of ..." Dodge City
67%
Kansas resident whose lawsuit against the Board of Education led to a 1954 Supreme Court decision that outlawed school segregation Oliver Brown
66%
State flower Sunflower
65%
Fictional town where Clark Kent grew up Smallville
59%
State song; "where the deer and the antelope play" Home on the Range
57%
Term for the violent era when Kansas decided whether to become a free state or a slave state {Bleeding} Kansas
56%
U.S. President who grew up in Abilene Dwight D. Eisenhower
48%
Kansas Senator who was the Republican nominee for President in 1996 Bob Dole
47%
True crime book written by Truman Capote about a Kansas family that was murdered In Cold Blood
40%
The oldest permanent settlement in Kansas, now known for its military prison Fort {Leavenworth}
37%
No matching quizzes found
Score Distribution
Percent of People with Each Score
Percentile by Number Answered
Your Score History
You have not taken this quiz since the last reset